000 00584nam a2200181Ia 4500
005 20250508160211.0
008 008 250505s9999 xx 000 0 eng d
037 _aBooks to be hide in OPAC
040 _aFEDL
_beng
_cFEDL
041 _aeng
_2eng
084 _a370.973, UNI/O
_qFEDL
100 _aFrost Norman
_9768119
245 0 _aStatistical study of the public schools of the southern appalachian mountains
260 _aWashington, USA
_bU.S. Government Printing Office
_c1915
300 _a71p.
942 _cHB
_h370.973, UNI/O
999 _c1362617
_d1362617